000 00643nam a2200277Ia 4500
005 20260324120123.0
008 008 260324s9999 xx 000 0 eng d
020 _a9780429171390
037 _aEBOOK
040 _aCRL
040 _beng
040 _cCRL
041 _2eng
041 _aeng
084 _qCRL
100 _aHelim Aranda-Espinoza
_91157314
245 0 _aMechanobiology of the Endothelium
260 _bTaylor and Francis
260 _c2015
365 _a
365 _b385
856 _uhttp://www.taylorfrancis.com/books/9780429171390
942 _cEBOOK
999 _c1748659
_d1748659